| Tag |
First Indicator |
Second Indicator |
Subfields |
| LEADER |
00000cam a2200000 4500 |
| 001 |
in00000079484 |
| 005 |
20151008052853.0 |
| 008 |
711223s1965 mau b 00000 eng u |
| 010 |
|
|
|a 65003813
|
| 035 |
|
|
|a (OCoLC)00187054
|
| 035 |
|
|
|9 AAH5255AM
|
| 040 |
|
|
|c WSU
|d TXA
|d UtOrBLW
|
| 049 |
|
|
|a TXAM
|c [416614]
|
| 050 |
|
0 |
|a LB2831.5
|b .G5
|
| 092 |
|
|
|a 371.2
|b G449s, 1965
|
| 100 |
1 |
|
|a Gibson, Robert Oliver,
|d 1914-
|
| 245 |
1 |
4 |
|a The school personnel administrator /
|c [by] R. Oliver Gibson [and] Herold C. Hunt.
|
| 264 |
|
1 |
|a Boston :
|b Houghton Mifflin,
|c [1965]
|
| 300 |
|
|
|a 493 pages
|
| 336 |
|
|
|a text
|b txt
|2 rdacontent
|
| 337 |
|
|
|a unmediated
|b n
|2 rdamedia
|
| 338 |
|
|
|a volume
|b nc
|2 rdacarrier
|
| 504 |
|
|
|a Includes bibliographical references.
|
| 650 |
|
0 |
|a School personnel management.
|
| 700 |
1 |
|
|a Hunt, Herold C.
|
| 999 |
|
|
|a MARS
|
| 999 |
f |
f |
|s 28303ee6-7817-3047-a97d-9f31dfddbe3b
|i 2b61f208-2b6f-318b-b31e-5f437891a15a
|t 0
|
| 952 |
f |
f |
|p ric
|a Texas A&M University
|b Rellis Campus
|c Joint Library Facility
|d Remote Storage
|t 0
|e LB2831.5 .G5
|h Library of Congress classification
|i unmediated -- volume
|m A14800831288
|
| 998 |
f |
f |
|a LB2831.5 .G5
|t 0
|l Remote Storage
|